[Event "El Vendrell op 3rd"]
[Site "El Vendrell"]
[Date "2023.07.15"]
[Round "3"]
[White "Avila Jimenez, Xavier"]
[Black "Lacasa Diaz, Jose Antonio"]
[Result "1/2-1/2"]
[WhiteElo "2089"]
[BlackElo "2330"]
[PlyCount "49"]
[EventDate "2023.07.15"]
[EventType "swiss (rapid)"]
[EventRounds "9"]
[EventCountry "ESP"]
[SourceTitle "CBM 215 Extra"]
[Source "ChessBase"]
[SourceDate "2023.09.30"]
[SourceVersion "1"]
[SourceVersionDate "2023.09.30"]
[SourceQuality "1"]

1. d4 d5 2. c4 e6 3. Nc3 c5 4. cxd5 exd5 5. dxc5 d4 6. Na4 b5 7. cxb6 axb6 8. b3 b5 9. Nb2 Nc6 10. Nd3 Nf6 11. Nf3 Bf5 12. g3 Nb4 13. Nxb4 Bxb4+ 14. Bd2 Ba3 15. Bc1 Qa5+ 16. Bd2 Qb6 17. Bc1 Bc5 18. Bg2 0-0 19. 0-0 Rfe8 20. Bb2 Rad8 21. b4 Bxb4 22. Bxd4 Bc5 23. e3 Be4 24. Qb3 Bxf3 25. Bxc5 1/2-1/2

[Event "Titled Tuesday intern op 11th Jul Early"]
[Site "Chess.com INT"]
[Date "2023.07.11"]
[Round "4"]
[White "Avila Jimenez, Xavier"]
[Black "Skiadopoulos, Nikolaos"]
[Result "1-0"]
[WhiteElo "2175"]
[BlackElo "1896"]
[PlyCount "61"]
[EventDate "2023.07.11"]
[EventType "swiss (blitz)"]
[EventRounds "11"]
[EventCountry "USA"]
[SourceTitle "EXT 2024"]
[Source "ChessBase"]
[SourceDate "2023.10.10"]
[SourceVersion "1"]
[SourceVersionDate "2023.10.10"]
[SourceQuality "1"]

1. d4 Nf6 2. c4 c5 3. d5 b5 4. Qc2 g6 5. e4 d6 6. cxb5 Bg7 7. Nc3 0-0 8. Nf3 Nbd7 9. h3 Qa5 10. Bd2 a6 11. a4 Qc7 12. bxa6 c4 13. Be2 Bxa6 14. 0-0 Nc5 15. Bf4 Nb3 16. Rad1 Nd7 17. Rfe1 Rab8 18. Bf1 Qa5 19. e5 Nxe5 20. Nxe5 dxe5 21. Bxe5 Bxe5 22. Rxe5 Qc5 23. Ne4 Qb4 24. d6 exd6 25. Rxd6 Rb6 26. Rxb6 Qxb6 27. Qc3 f6 28. Bxc4+ Bxc4 29. Qxc4+ Kg7 30. Rb5 Na5 31. Qb4 1-0

[Event "Titled Tuesday intern op 11th Jul Early"]
[Site "Chess.com INT"]
[Date "2023.07.11"]
[Round "2"]
[White "Tqebuchava, Zurab"]
[Black "Avila Jimenez, Xavier"]
[Result "0-1"]
[WhiteElo "2303"]
[BlackElo "2175"]
[PlyCount "116"]
[EventDate "2023.07.11"]
[EventType "swiss (blitz)"]
[EventRounds "11"]
[EventCountry "USA"]
[SourceTitle "EXT 2024"]
[Source "ChessBase"]
[SourceDate "2023.10.10"]
[SourceVersion "1"]
[SourceVersionDate "2023.10.10"]
[SourceQuality "1"]

1. e4 d5 2. exd5 Qxd5 3. Nc3 Qd6 4. Nf3 Nf6 5. h3 c6 6. Be2 Bf5 7. 0-0 h6 8. d4 Nbd7 9. Be3 e6 10. Qd2 Qc7 11. Bf4 Bd6 12. Bxd6 Qxd6 13. a4 0-0 14. a5 a6 15. Rfe1 Rad8 16. Bd3 Bxd3 17. Qxd3 c5 18. Ne4 Qc6 19. dxc5 Nxe4 20. Qxe4 Qxe4 21. Rxe4 Nxc5 22. Rc4 Rd5 23. b4 Nd7 24. Rc7 Rb8 25. Kf1 Kf8 26. Ke2 Ke8 27. Rd1 Rxd1 28. Kxd1 Kd8 29. Rc3 Rc8 30. Rd3 Ke7 31. Kd2 f6 32. Rc3 Rxc3 33. Kxc3 Kd6 34. Kd4 f5 35. c4 e5+ 36. Kc3 g5 37. g4 Ke6 38. Nd2 Nf6 39. gxf5+ Kxf5 40. b5 g4 41. h4 Nd7 42. Kb4 e4 43. c5 axb5 44. a6 bxa6 45. c6 Nb6 46. Kc5 Nc8 47. c7 e3 48. fxe3 g3 49. Nf3 Ke4 50. Ng1 Kxe3 51. Kc6 b4 52. Kd7 Nb6+ 53. Kc6 Nc8 54. Kd7 Na7 55. Kd6 b3 56. Kc5 b2 57. Kb6 Nc8+ 58. Kb7 Ne7 0-1

[Event "Sant Miquel Olerdola op 14th"]
[Site "Sant Miquel Olerdola"]
[Date "2023.05.19"]
[Round "6"]
[White "Avila Jimenez, Xavier"]
[Black "Subira Zurita, Marc"]
[Result "1-0"]
[WhiteElo "2151"]
[BlackElo "1927"]
[PlyCount "123"]
[EventDate "2023.04.14"]
[EventType "swiss"]
[EventRounds "8"]
[EventCountry "ESP"]
[SourceTitle "EXT 2024"]
[Source "ChessBase"]
[SourceDate "2023.10.10"]
[SourceVersion "1"]
[SourceVersionDate "2023.10.10"]
[SourceQuality "1"]

1. d4 Nf6 2. c4 g6 3. Nc3 Bg7 4. e4 d6 5. Be2 0-0 6. Be3 Na6 7. g4 e5 8. d5 Nc5 9. f3 a5 10. h4 h5 11. g5 Ne8 12. Qd2 Bd7 13. Nh3 c6 14. Nf2 Na6 15. dxc6 Bxc6 16. 0-0-0 a4 17. c5 Qa5 18. cxd6 Rd8 19. Nd5 Qxd2+ 20. Rxd2 Bxd5 21. Rxd5 Rxd6 22. Rhd1 Rc6+ 23. Kb1 Nec7 24. Ra5 Nb4 25. Rc1 Rxc1+ 26. Bxc1 Ra8 27. Rxa8+ Nxa8 28. Bb5 a3 29. b3 Nc7 30. Bd7 Bf8 31. Bxa3 Bc5 32. Nd1 Nd3 33. Bxc5 Nxc5 34. Bc8 b6 35. Ne3 b5 36. Kc2 Kf8 37. Kc3 Ke7 38. Bh3 Kd6 39. Bf1 N5e6 40. a4 Nd4 41. Bg2 Na6 42. axb5 Nxb5+ 43. Kd3 Kc5 44. Nc4 Nb4+ 45. Ke3 Nc6 46. f4 Nbd4 47. Nxe5 Nxe5 48. fxe5 Nxb3 49. Bh3 Nd4 50. Bd7 Ne6 51. Be8 Nd8 52. Kd3 Nc6 53. Bxc6 Kxc6 54. Kc4 Kd7 55. Kc5 Ke6 56. Kd4 Ke7 57. Kd5 Kd7 58. e6+ fxe6+ 59. Kc5 e5 60. Kd5 Ke8 61. Kd6 Kd8 62. Ke6 1-0

[Event "Catalunya-chT Gp2"]
[Site "Barcelona"]
[Date "2020.01.25"]
[Round "2.8"]
[White "Avila Jimenez, Xavier"]
[Black "Sirera Bargallo, Tomas"]
[Result "0-1"]
[WhiteElo "2170"]
[BlackElo "2102"]
[PlyCount "76"]
[EventDate "2020.01.18"]
[EventType "team-tourn"]
[EventRounds "7"]
[EventCountry "ESP"]
[SourceTitle "CBM 194 Extra"]
[Source "ChessBase"]
[SourceDate "2020.03.31"]
[SourceVersion "1"]
[SourceVersionDate "2020.03.31"]
[SourceQuality "1"]
[WhiteTeam "Barcelona Escola Escacs"]
[BlackTeam "Valls"]
[WhiteTeamCountry "ESP"]
[BlackTeamCountry "ESP"]

1. d4 Nf6 2. c4 g6 3. Nc3 Bg7 4. e4 d6 5. f4 c5 6. d5 0-0 7. Nf3 e6 8. dxe6 fxe6 9. Bd3 Nc6 10. 0-0 b6 11. Qe2 Qe7 12. Bd2 Nd4 13. Nxd4 cxd4 14. Nb5 e5 15. fxe5 dxe5 16. a3 a6 17. Bb4 Qd8 18. Bxf8 Kxf8 19. a4 axb5 20. axb5 Rxa1 21. Rxa1 Bh6 22. Ra8 Be3+ 23. Kf1 Qd7 24. b4 Ng4 25. c5 Kg7 26. Qa2 Nxh2+ 27. Ke1 Qg4 28. Ra7+ Kh6 29. Qf7 Qg3+ 30. Kd1 Bg4+ 31. Kc2 Qxg2+ 32. Kb3 Nf3 33. Qxh7+ Kg5 34. Qe7+ Kf4 35. Ra2 Nd2+ 36. Ka3 Nb1+ 37. Bxb1 Bc1+ 38. Kb3 Qh3+ 0-1

[Event "Cornella de Llobregat op 7th"]
[Site "Cornella de Llobregat"]
[Date "2019.11.25"]
[Round "8"]
[White "Avila Jimenez, Xavier"]
[Black "Tejedor Cros, Andres"]
[Result "1-0"]
[WhiteElo "2200"]
[BlackElo "1828"]
[PlyCount "63"]
[EventDate "2019.10.07"]
[EventType "swiss"]
[EventRounds "9"]
[EventCountry "ESP"]
[SourceTitle "CBM 193 Extra"]
[Source "ChessBase"]
[SourceDate "2020.01.31"]
[SourceVersion "1"]
[SourceVersionDate "2020.01.31"]
[SourceQuality "1"]

1. d4 c5 2. d5 g6 3. e4 Bg7 4. f4 d6 5. c4 f5 6. Bd3 fxe4 7. Bxe4 Nf6 8. Bd3 0-0 9. Nf3 b5 10. 0-0 bxc4 11. Bxc4 Na6 12. Qe2 Nc7 13. Nc3 Rb8 14. Re1 Re8 15. h3 e6 16. Ng5 exd5 17. Nxd5 Ncxd5 18. Bxd5+ Kf8 19. Qxe8+ Qxe8 20. Rxe8+ Kxe8 21. Bb3 d5 22. Be3 h6 23. Nf3 d4 24. Bd2 Bb7 25. Re1+ Kf8 26. Ne5 Bh8 27. Nxg6+ Kg7 28. Ne5 Re8 29. Ba4 Rb8 30. Bc2 Bd5 31. g3 Nh5 32. Nd7 1-0

[Event "Cornella de Llobregat op 7th"]
[Site "Cornella de Llobregat"]
[Date "2019.11.11"]
[Round "6"]
[White "Avila Jimenez, Xavier"]
[Black "Tebar Ramon, Juan Bosco"]
[Result "1-0"]
[WhiteElo "2200"]
[BlackElo "1891"]
[PlyCount "59"]
[EventDate "2019.10.07"]
[EventType "swiss"]
[EventRounds "9"]
[EventCountry "ESP"]
[SourceTitle "CBM 193 Extra"]
[Source "ChessBase"]
[SourceDate "2020.01.31"]
[SourceVersion "1"]
[SourceVersionDate "2020.01.31"]
[SourceQuality "1"]

1. d4 Nf6 2. Bg5 Ne4 3. Bf4 d6 4. h4 c5 5. f3 Nf6 6. d5 Qb6 7. Nc3 e6 8. e4 exd5 9. exd5 Bd7 10. Qe2+ Be7 11. 0-0-0 Na6 12. Nh3 Nc7 13. g4 Ng8 14. Ng5 h6 15. Nge4 0-0-0 16. Nd2 Ne8 17. Nc4 Qc7 18. a4 Kb8 19. Rd3 f5 20. Nb5 Bxb5 21. axb5 fxg4 22. b6 axb6 23. Rb3 Ngf6 24. Nxb6 Nh5 25. Qb5 Nxf4 26. Qa5 Qxb6 27. Rxb6 Nxd5 28. Rxb7+ Kxb7 29. Ba6+ Kb8 30. Qb5+ 1-0

[Event "Cornella de Llobregat op 7th"]
[Site "Cornella de Llobregat"]
[Date "2019.11.04"]
[Round "5"]
[White "Prats Rodriguez, Juan Bosco"]
[Black "Avila Jimenez, Xavier"]
[Result "1-0"]
[WhiteElo "1930"]
[BlackElo "2200"]
[PlyCount "88"]
[EventDate "2019.10.07"]
[EventType "swiss"]
[EventRounds "9"]
[EventCountry "ESP"]
[SourceTitle "CBM 193 Extra"]
[Source "ChessBase"]
[SourceDate "2020.01.31"]
[SourceVersion "1"]
[SourceVersionDate "2020.01.31"]
[SourceQuality "1"]

1. e4 c6 2. d4 d5 3. e5 Bf5 4. Nf3 e6 5. Be2 Nd7 6. 0-0 h6 7. Nbd2 Ne7 8. Nb3 g5 9. Ne1 Bg7 10. Nd3 Qc7 11. Be3 0-0-0 12. Rc1 Kb8 13. f4 f6 14. Ndc5 Nf8 15. Ba6 b6 16. Nb7 Rd7 17. Nd6 Rxd6 18. exd6 Qxd6 19. c4 Nfg6 20. c5 Qc7 21. cxb6 axb6 22. Qd2 Ka7 23. Be2 gxf4 24. Bxf4 e5 25. Bg3 h5 26. Bf2 e4 27. a4 Qf4 28. Be3 Qd6 29. a5 b5 30. a6 h4 31. Rc5 Bd7 32. Rfc1 f5 33. Bg5 f4 34. Qb4 Rb8 35. Na5 Rb6 36. Nb7 Qe6 37. R5c2 Nf5 38. Rd1 Ne3 39. Rdc1 Nf5 40. Nc5 Bf8 41. Kh1 Qd6 42. Qa3 Bc8 43. Bh5 Ne3 44. Rd2 Nf5 1-0

[Event "Barcelona Martorell-ch 37th"]
[Site "Barcelona"]
[Date "2019.09.21"]
[Round "2"]
[White "Avila Jimenez, Xavier"]
[Black "Ruiz Soria, Adria"]
[Result "1/2-1/2"]
[WhiteElo "2200"]
[BlackElo "1776"]
[PlyCount "82"]
[EventDate "2019.09.14"]
[EventType "swiss"]
[EventRounds "9"]
[EventCountry "ESP"]
[SourceTitle "CBM 193 Extra"]
[Source "ChessBase"]
[SourceDate "2020.01.31"]
[SourceVersion "1"]
[SourceVersionDate "2020.01.31"]
[SourceQuality "1"]

1. d4 d5 2. c4 c6 3. Nf3 Nf6 4. Nc3 e6 5. cxd5 exd5 6. Qc2 Be7 7. Bg5 0-0 8. e3 Re8 9. Bd3 Nbd7 10. h3 Nf8 11. 0-0-0 b5 12. Ne5 Qb6 13. Kb1 a5 14. Rc1 Bb7 15. g4 a4 16. h4 Qa5 17. Ne2 b4 18. Nxc6 Bxc6 19. Qxc6 b3 20. Bxf6 bxa2+ 21. Ka1 a3 22. bxa3 Bxa3 23. Qc3 Reb8 24. Qxa5 Bb2+ 25. Kxa2 Rxa5+ 26. Kb1 Bxc1+ 27. Kxc1 Ra1+ 28. Kd2 Rxh1 29. Be5 Ra8 30. h5 Nd7 31. Bg3 Nf6 32. f3 Rha1 33. Nc3 h6 34. Be5 Rd8 35. Bb5 Rg1 36. Bc6 Rg2+ 37. Kd3 Kf8 38. Bxf6 gxf6 39. Nxd5 Rd6 40. Nf4 Rxg4 41. fxg4 Rxc6 1/2-1/2

[Event "Vilafranca del Penedes op 13th"]
[Site "Vilafranca del Penedes"]
[Date "2019.06.07"]
[Round "9"]
[White "Noria Silvestre, Joaquin"]
[Black "Avila Jimenez, Xavier"]
[Result "0-1"]
[WhiteElo "2305"]
[BlackElo "2159"]
[PlyCount "68"]
[EventDate "2019.03.29"]
[EventType "swiss"]
[EventRounds "9"]
[EventCountry "ESP"]
[SourceTitle "EXT 2020"]
[Source "ChessBase"]
[SourceDate "2019.10.17"]
[SourceVersion "1"]
[SourceVersionDate "2019.10.17"]
[SourceQuality "1"]

1. e4 d5 2. exd5 Qxd5 3. Nc3 Qd6 4. d4 Nf6 5. Nf3 c6 6. g3 Bf5 7. Bf4 Qb4 8. Qd2 e6 9. Bg2 h6 10. 0-0 Nbd7 11. a3 Qb6 12. Ne5 Nxe5 13. Bxe5 Be7 14. b4 0-0 15. Na4 Qb5 16. Nc5 Rfd8 17. c4 Qb6 18. Na4 Qa6 19. Nc5 Bxc5 20. bxc5 Ng4 21. Bd6 Qxc4 22. h3 Nf6 23. Rfc1 Qa4 24. g4 Bg6 25. g5 hxg5 26. Qxg5 Rd7 27. Be5 Nh7 28. Qg3 Nf8 29. Rd1 f6 30. Bd6 Kf7 31. h4 Qc2 32. Rac1 Qf5 33. Bf3 Bh5 34. Rc3 Ng6 0-1

[Event "Vilafranca del Penedes op 13th"]
[Site "Vilafranca del Penedes"]
[Date "2019.05.03"]
[Round "4"]
[White "Avila Jimenez, Xavier"]
[Black "Vilella Bertran, Joan"]
[Result "1-0"]
[WhiteElo "2159"]
[BlackElo "2020"]
[PlyCount "59"]
[EventDate "2019.03.29"]
[EventType "swiss"]
[EventRounds "9"]
[EventCountry "ESP"]
[SourceTitle "CBM 190 Extra"]
[Source "ChessBase"]
[SourceDate "2019.07.15"]
[SourceVersion "1"]
[SourceVersionDate "2019.07.15"]
[SourceQuality "1"]

1. d4 Nf6 2. c4 c5 3. d5 b5 4. cxb5 a6 5. f3 g6 6. e4 d6 7. Nc3 Bg7 8. f4 0-0 9. Nf3 Nbd7 10. bxa6 Bxa6 11. Bxa6 Rxa6 12. Qe2 Qa5 13. 0-0 Rb8 14. e5 dxe5 15. fxe5 Ng4 16. e6 fxe6 17. Ng5 Bd4+ 18. Kh1 Nde5 19. Nxe6 Rxe6 20. dxe6 Qb6 21. h3 Nf6 22. Bf4 Qxb2 23. Rab1 Qxc3 24. Rxb8+ Kg7 25. Qd2 Qxd2 26. Bxd2 Nd3 27. Rb7 Nf2+ 28. Rxf2 Bxf2 29. Rxe7+ Kg8 30. Bh6 1-0

[Event "Cornella Pinol Memorial 6th"]
[Site "Cornella de Llobregat"]
[Date "2018.11.05"]
[Round "7"]
[White "Perez Mitjans, Orelvis"]
[Black "Avila Jimenez, Xavier"]
[Result "1-0"]
[WhiteElo "2396"]
[BlackElo "2175"]
[PlyCount "103"]
[EventDate "2018.09.24"]
[EventType "swiss"]
[EventRounds "9"]
[EventCountry "ESP"]
[SourceTitle "CBM 187 Extra"]
[Source "ChessBase"]
[SourceDate "2018.11.04"]
[SourceVersion "1"]
[SourceVersionDate "2018.11.04"]
[SourceQuality "1"]

1. e4 d5 2. exd5 Qxd5 3. Nc3 Qd6 4. g3 Nf6 5. Bg2 c6 6. d4 Bf5 7. Nf3 h6 8. 0-0 e6 9. Na4 Be7 10. c4 Qc7 11. Qb3 Nbd7 12. Bf4 Qc8 13. Rfe1 0-0 14. h3 Re8 15. Rad1 Bf8 16. g4 Bh7 17. Nc3 a6 18. g5 hxg5 19. Nxg5 Bg6 20. Rc1 Rd8 21. Bh2 Nh7 22. Nf3 Nhf6 23. Ne2 Nh5 24. a3 Re8 25. c5 Be7 26. Kh1 Bf5 27. Rg1 Kf8 28. Qe3 Qd8 29. Nc3 Nhf6 30. Ne5 Nxe5 31. Bxe5 Bg6 32. Ne4 Kg8 33. Bf3 Nd5 34. Qb3 Qd7 35. Rg2 Kh7 36. h4 Rg8 37. Rcg1 Bf6 38. h5 Bf5 39. Nd6 Bxe5 40. dxe5 Nf4 41. Rh2 Rab8 42. Bg4 Bxg4 43. Rxg4 Nd5 44. Rhg2 Qe7 45. Qg3 Qf8 46. Qf3 f6 47. Rg6 fxe5 48. Qe4 Kh8 49. h6 Qf4 50. Qxf4 Nxf4 51. Nf7+ Kh7 52. Rxg7+ 1-0

[Event "Sitges op 44th"]
[Site "Sitges"]
[Date "2018.07.27"]
[Round "7"]
[White "Argandona Riveiro, Inigo"]
[Black "Avila Jimenez, Xavier"]
[Result "1-0"]
[WhiteElo "2423"]
[BlackElo "2235"]
[PlyCount "105"]
[EventDate "2018.07.22"]
[EventType "swiss"]
[EventRounds "9"]
[EventCountry "ESP"]
[SourceTitle "CBM 185 Extra"]
[Source "ChessBase"]
[SourceDate "2018.07.29"]
[SourceVersion "1"]
[SourceVersionDate "2018.07.29"]
[SourceQuality "1"]

1. c4 c6 2. d4 d5 3. e3 Nf6 4. Nf3 a6 5. Bd3 Bg4 6. Nbd2 e6 7. Qc2 Nbd7 8. b3 Be7 9. Bb2 Bh5 10. c5 Bg6 11. Bxg6 hxg6 12. b4 b6 13. Rc1 b5 14. Bc3 Qc7 15. h3 Rh5 16. Ke2 Nf8 17. Ra1 N6d7 18. a4 Rb8 19. axb5 axb5 20. Ra6 f6 21. Rha1 Rb7 22. Ra8+ Kf7 23. Qa2 Nb8 24. Nb3 Qc8 25. Qb2 Nfd7 26. R1a7 Rh8 27. Qa2 Re8 28. Nbd2 Bd8 29. Kf1 Re7 30. Rxb7 Qxb7 31. e4 Bc7 32. Ra7 Qc8 33. e5 Nf8 34. Nb3 Bd8 35. Ra8 Qb7 36. h4 Bc7 37. Nc1 Nbd7 38. Nd3 Re8 39. Ra7 Qc8 40. Bd2 Bb8 41. Ra8 Qb7 42. Bf4 f5 43. Ng5+ Kg8 44. Qa6 Qc7 45. g3 Nh7 46. Nf3 Rc8 47. Bg5 Kf7 48. Nc1 Nxg5 49. Nxg5+ Ke7 50. Nb3 Rf8 51. Na5 Rc8 52. Kg2 Nf8 53. Rxb8 1-0

[Event "Torredembarra op 20th"]
[Site "Torredembarra"]
[Date "2018.07.08"]
[Round "9"]
[White "Avila Jimenez, Xavier"]
[Black "Gracia Train, Carles"]
[Result "1/2-1/2"]
[WhiteElo "2235"]
[BlackElo "1624"]
[PlyCount "147"]
[EventDate "2018.06.30"]
[EventType "swiss"]
[EventRounds "9"]
[EventCountry "ESP"]
[SourceTitle "CBM 185 Extra"]
[Source "ChessBase"]
[SourceDate "2018.07.29"]
[SourceVersion "1"]
[SourceVersionDate "2018.07.29"]
[SourceQuality "1"]

1. d4 d5 2. c4 c6 3. cxd5 cxd5 4. Bf4 Nc6 5. e3 Nf6 6. Bd3 g6 7. Nc3 a6 8. Rc1 Bg7 9. Nf3 0-0 10. Ne5 Nxe5 11. Bxe5 Bd7 12. 0-0 Bc6 13. Qb3 Qa5 14. f3 e6 15. Rf2 Rfc8 16. Rd1 Nd7 17. Bxg7 Kxg7 18. e4 Nb6 19. h4 Rc7 20. Rdf1 Rac8 21. h5 Nc4 22. hxg6 hxg6 23. Rd1 b5 24. a3 Rb7 25. Qa2 Rh8 26. b4 Qd8 27. Bxc4 bxc4 28. e5 Qg5 29. Qd2 Qg3 30. Qe3 a5 31. Rb1 axb4 32. axb4 Bb5 33. Rfb2 Qh4 34. Kf1 Ra8 35. Qf2 Qxf2+ 36. Kxf2 Ra3 37. Rc1 f6 38. f4 f5 39. Ke2 Rb3 40. Rcc2 g5 41. g3 Kg6 42. Kf2 Be8 43. fxg5 R7xb4 44. Ra2 Kxg5 45. Ra8 Bf7 46. Rf8 Kg6 47. Ne2 Kg7 48. Rc8 Rb7 49. Rc6 R3b6 50. Rc8 Rb2 51. Rxb2 Rxb2 52. Rc7 Kf8 53. Ke3 Bh5 54. Nf4 Rb3+ 55. Kf2 Bf7 56. Rc8+ Ke7 57. Rc7+ Ke8 58. Kg2 Rb2+ 59. Kf3 Rb3+ 60. Kf2 Rb1 61. Ke2 Rc1 62. Rc8+ Kd7 63. Rf8 Be8 64. Rf6 c3 65. Rxe6 Bh5+ 66. Kd3 Bf3 67. Rd6+ Ke8 68. Re6+ Kd7 69. Rd6+ Ke8 70. Re6+ Kd7 71. Rd6+ Ke8 72. Nxd5 Be4+ 73. Ke3 c2 74. Nf6+ 1/2-1/2